000 00496nam a22001937a 4500
003 MPLRDC
005 20220104114049.0
008 210129b ||||| |||| 00| 0 eng d
020 _a7-221-02099-X
082 _a832.1 HSQ
100 _a黄寿祺、梅桐生译注
245 _a楚辞全译
_c
250 _a一版五刷
260 _a
_b贵州人民出版社
_c1993
300 _b
490 _a中国历代名著全译丛书
650 _a辞赋总集--楚辞
942 _cBK
_o832.1 HSQ
999 _c4535
_d4525